| 000 | 00631nam a22001937a 4500 | ||
|---|---|---|---|
| 999 |
_c184688 _d184688 |
||
| 005 | 20220124160303.0 | ||
| 010 | _aUR-11407 | ||
| 020 |
_c100.00 _a9789392496011 |
||
| 035 | _aU-9962 | ||
| 037 |
_bDBAD/PUB _adpl |
||
| 082 | _aک | ||
| 100 | _aشيخ عبد الغنی | ||
| 245 |
_aگلہر ی ا و ر چڑ يا _cشيخ عبد الغنی |
||
| 246 |
_bGilhari Aur Chidiya (Urdu) _aby Shaikh Abdul Ghani |
||
| 260 |
_aDelhi _bEducational Publishing House _c2021 ء |
||
| 270 |
_a3191,Vakil Street,Kucha Pandit,Lal Kuan, _bDelhi _e110006 _k23216162 _l- |
||
| 300 |
_a56 ص _c22 Cm(Hb) |
||
| 942 |
_2ddc _cUR _hک _mش ے خ |
||